000 01184nam a2200265Ia 4500
003 OSt
005 20220930094714.0
006 a|||||r|||| 00| 0
007 ta
008 220926b |||||||| |||| 00| 0 hin d
024 _a123
037 _cTheses
040 _aCRL
_cCRL
_bhin
041 _2hin
_ahin
100 _aकालरा, वीर
110 _aदिल्ली विश्वविद्यालय. संकाय कला. हिन्दी विभाग
245 0 _aबीसवीं शती के अंतिम दशक के उपन्यासों में व्यष्टि और समष्टि का द्वन्द्व
246 _aBīsavīan shatī ke aantim dashak ke upanyāsoan mean vyaṣhṭi aur samaṣhṭi kā dvandva
260 _c2011
650 _aहिन्दी साहित्य
700 _a विनय नंदा, गा.
700 _aदिल्ली विश्वविद्यालय. संकाय कला. हिन्दी विभाग
942 _cDIS
_2CC
999 _c887535
_d887535